00323nam a2200109Ia 4500008004100000082001500041082000800056245010400064245001800168260001800186300000900204231017s9999 xx 000 0 und d a388.409173 bSTA 0aImproving Rural Mobility: Option for Developing Motorized and Nonmotorized Transport in Rural Areas 0cPaul Strarkey bPaul Strarkey c30cm